AGRO-ENTREPRENEURSHIP (Record no. 25780)

MARC details
000 -LEADER
fixed length control field 00332nam a22001457a 4500
003 - CONTROL NUMBER IDENTIFIER
control field SGT
020 ## - INTERNATIONAL STANDARD BOOK NUMBER
International Standard Book Number 978-93-86237-45-8
082 ## - DEWEY DECIMAL CLASSIFICATION NUMBER
Classification number 630
Item number PAN
100 ## - MAIN ENTRY--PERSONAL NAME
Personal name PANIGRAHY, SAKTI RAJAN
245 ## - TITLE STATEMENT
Title AGRO-ENTREPRENEURSHIP
260 ## - PUBLICATION, DISTRIBUTION, ETC. (IMPRINT)
Place of publication, distribution, etc INDIA
Name of publisher, distributor, etc SCIENTIFIC
Year of Publication 2017
300 ## - PAGE DESCRIPTION
No. of Pages 213
650 ## - SUBJECT ADDED ENTRY--TOPICAL TERM
Topical term or geographic name as entry element AGRO-ENTREPRENEURSHIP
942 ## - ADDED ENTRY ELEMENTS (KOHA)
Source of classification or shelving scheme Dewey Decimal Classification
Koha item type Books
Holdings
Withdrawn status Lost status Source of classification or shelving scheme Damaged status Not for loan Home library Current library Shelving location Date acquired Vendor Name Cost, normal purchase price SGTU Bill Number Full call number Accession No. (Barcode) Date last seen Bill Date Koha item type Total Checkouts
    Dewey Decimal Classification   Not For Loan SGT Science & Social Sciences Library SGT Science & Social Sciences Library Reference Book 29/02/2024 SAVERA 325.00 SGTU 23-24/CRB/882 630 PAN AG2562 29/02/2024   Books  
    Dewey Decimal Classification     SGT Science & Social Sciences Library SGT Science & Social Sciences Library Text Book 29/02/2024 SAVERA 325.00 SGTU 23-24/CRB/882 630 PAN AG2563 29/02/2024   Books